[Event "Sampa Chess Open 2024"]
[Site "Sao Paulo"]
[Date "2024.01.29"]
[Round "1.19"]
[White "Terao, Juliana Sayumi"]
[Black "Jenidarchiche, Douglas Rodrigo"]
[Result "1/2-1/2"]
[WhiteElo "2198"]
[BlackElo "1845"]
[PlyCount "66"]
[EventDate "2024.01.29"]
[EventRounds "9"]
[EventCountry "BRA"]

1. e4 {Marin,M} e5 2. Nf3 Nc6 3. Bb5 a6 4. Ba4 Nf6 ({RR} 4... d6 5. c3 ({RR} 5.
O-O Bd7 6. d4 exd4 7. Nxd4 b5 8. Nxc6 Bxc6 9. Bb3 Nf6 10. c4) 5... g6 6. d4 Bd7
7. O-O Bg7 8. Re1 b5 9. Bc2 exd4 10. cxd4 Bg4 11. Be3 Nge7 12. Nc3 O-O 13. Rc1)
5. d3 d6 6. c3 Be7 7. O-O Bg4 8. h3 Bh5 9. Nbd2 ({RR} 9. Re1 Nd7 10. Be3 h6 11.
g4 ({RR} 11. Nbd2 Bg5) 11... Bg6 12. Nbd2 Bg5 ({RR} 12... h5) 13. Nxg5 hxg5 14.
Kg2) 9... Nd7 10. Re1 Nc5 11. Bc2 Ne6 12. Nf1 Bg5 ({RR} 12... Ng5 13. N1h2 ({RR
} 13. Bxg5 Bxg5 14. Ng3 Bxf3 15. Qxf3 g6) 13... O-O ({RR} 13... Nxf3+ 14. Nxf3
O-O 15. g4 Bg6 16. d4 exd4 17. Nxd4) 14. Ng4 Kh8 15. Be3 Nxf3+ 16. Qxf3 Bg6 17.
d4 exd4 18. cxd4 Nb4 19. Bb1 d5) 13. Ng3 Bxf3 ({RR} 13... Bxc1 14. Rxc1 Bg6 15.
d4 Nf4 16. Ba4 Qf6 17. Bxc6+ bxc6 18. Re3 O-O 19. Qa4 c5 20. dxc5 dxc5 21. Qc4
Rab8 22. b4) 14. Qxf3 O-O ({RR} 14... Bxc1 15. Raxc1 O-O 16. b4 ({RR} 16. a3
Ne7 17. Bb3 Ng6 18. Qg4 Ngf4 19. Nh5 Nxh5 20. Qxh5 Nf4 21. Qf3 g6) 16... Ne7
17. Nf5 Ng6 ({RR} 17... g6 18. Ne3) 18. g3) 15. Be3 Bxe3 $146 ({RR} 15... g6
16. Ne2 Kg7 17. d4 exd4 18. cxd4 Bxe3 19. Qxe3 Qf6 20. Rad1 Rfe8 21. d5 Nb4 22.
Bb1 Nc5 23. a3 Qxb2 24. axb4 Qxb4 25. Nd4 f6 26. f4 Re7 27. Qg3 Kf7 28. Qh4 Kg7
29. e5 Rf7 30. f5 {Smyslov,V-Ragozin,V Moscow (Russia) 1940 1-0 (32)}) ({RR} 
15... g6 16. Bb3 Kg7 17. Ne2 Nc5 ({RR} 17... Bxe3 18. Qxe3 Qg5 19. Qxg5 Nxg5
20. Bd5 ({RR} 20. f4 Ne6 21. g3 Rae8 22. Kg2 f5) 20... Rae8 ({RR} 20... f5 21.
exf5 gxf5 22. d4) 21. b4 f5 22. a4 f4 23. f3 Ne6 24. d4 exd4 25. b5) 18. Bc2 f5
({RR} 18... Ne6 19. d4 {RR} Bxe3 ({RR} 19... exd4 20. cxd4 Bxe3 21. Qxe3 Qf6
22. Rad1) 20. Qxe3 Na5 ({RR} 20... Ne7 21. Rad1 Qe8 22. Qg3) 21. b3 ({RR} 21.
Rad1 Nc4 22. Qg3 Qf6) 21... Qh4 22. d5 Nc5 23. c4) 19. Bxc5 dxc5 20. exf5 Rxf5
({RR} 20... gxf5 21. Ng3 Qd7 22. Bb3) 21. Qg4 Bh4 22. Rf1 Kh8 23. Ba4 b5 24.
Bb3 Na5 25. Be6 ({RR} 25. Qe4 Rb8 ({RR} 25... Nxb3 26. axb3) ({RR} 25... c4 26.
Bc2) 26. g3 Be7 27. Be6 Rf6 28. Qxe5 Qxd3 29. Rad1 Qc2 30. Bb3 Nxb3 31. Qxe7)
25... Rf8 26. a4 Qf6 27. g3 h5 28. Qxh4 Qxe6 29. Qe4 Qf5 30. Qxf5 {
Nepomniachtchi,I (2634)-Mamedyarov,S (2752) Dortmund 2008 CBM 125 [Marin,M] 1/
2-1/2 (40)}) 16. fxe3 Qg5 17. Qf2 Ne7 18. Rf1 c5 19. a4 b6 20. Bb3 Rad8 21. Nf5
Nxf5 22. exf5 Nc7 23. d4 Ne8 24. Rad1 Nf6 25. Bc4 a5 26. dxe5 dxe5 27. Qf3 e4
28. Qf4 Qxf4 29. exf4 Nh5 30. Rxd8 Rxd8 31. g4 Ng3 32. Re1 h5 33. gxh5 Rd2
1/2-1/2

[Event "Sampa Chess Open 2024"]
[Site "Sao Paulo"]
[Date "2024.01.29"]
[Round "1.20"]
[White "Sanches De Carvalho, Fabio"]
[Black "Marra, Eduardo Da Costa"]
[Result "0-1"]
[WhiteElo "1838"]
[BlackElo "2189"]
[PlyCount "56"]
[EventDate "2024.01.29"]
[EventRounds "9"]
[EventCountry "BRA"]

1. Nf3 Nf6 2. d4 g6 3. c4 d6 4. Nc3 Bg7 5. e3 O-O 6. Be2 Nbd7 7. O-O e5 8. b3
Re8 9. dxe5 ({RR} 9. h3 e4 10. Nd2 h5 11. b4 Nf8 12. Re1 Bf5 13. Bb2 Qd7 14.
Nd5 Nxd5 15. cxd5 Qe7 16. Rc1 Nh7 17. Qc2 Qg5 18. Qxc7 Bxh3 19. Bf1 Bf8 20.
Qxb7 Nf6 21. Qa6 Bc8 22. Qa4 Bd7 23. Qd1 Bg4 {Mamedyarov,S (2774)
-Nepomniachtchi,I (2775) Zagreb CRO 2019 0-1 (32)}) 9... dxe5 ({RR} 9... Nxe5
10. Nxe5 Rxe5 11. Bb2 Re8 12. Bf3 c6 13. Qd2 Bg4 14. Bxg4 Nxg4 15. Rfd1 Qh4 16.
h3 Ne5 17. Ne4 {0-1 (17) Chernikov,V (2225)-Gerzhoy,L (2348) chess.com INT 2021
}) 10. Qc2 $146 ({RR} 10. Bb2 e4 11. Nd2 Qe7 12. Re1 Nf8 13. Nf1 c6 14. Qc2 h5
15. Rac1 h4 16. Red1 h3 17. g3 N8h7 18. Nb1 Ng4 19. Nbd2 Ng5 20. Bxg7 Kxg7 21.
Qc3+ Kg8 22. Re1 Ne5 23. f4 exf3 {0-1 (23) Charrier,J (1799)-Rymskyy,A (2151)
Val Thorens 2008}) ({RR} 10. Bb2 e4 11. Nd4 a6 12. Nc2 Nc5 13. Qxd8 Rxd8 14.
Rad1 Bg4 15. Bxg4 Nxg4 16. h3 Ne5 17. Ba3 Ned3 18. Nd4 f5 19. Nd5 Be5 20. b4
Na4 21. Ne6 Rd7 22. f3 Nc3 23. Nxc3 Bxc3 24. fxe4 fxe4 {Andreasen,P (2290)
-Jelling,E (2400) Denmark 1992 0-1 (33)}) ({RR} 10. Ba3 e4 11. Nd2 Nf8 12. Rc1
Bf5 13. Qc2 h5 14. Rfd1 N8d7 15. c5 c6 16. Nc4 Qe7 17. Nd6 Ne5 18. h3 Kh8 19.
Bc4 Nxc4 20. bxc4 Nh7 21. Ne2 h4 22. Bb2 Nf6 23. Be5 Kg8 24. Nxe8 Rxe8 {
Barcza,G-Ciocaltea,V Moscow (Russia) 1956 1-0 (55)}) 10... e4 11. Nd4 c6 12.
Bb2 Qa5 13. Rfe1 Qg5 14. g3 Nc5 15. h4 Qe5 16. b4 Na6 17. a3 Bg4 18. Rab1 Rad8
19. Nb3 Qh5 20. Rbd1 Bf3 21. Nd4 c5 22. Nxf3 exf3 23. Bf1 cxb4 24. Nb5 b3 25.
Qb1 Nc5 26. Nd4 Nce4 27. Bd3 Qg4 28. Kh2 Nxf2 0-1

[Event "Sampa Chess Open 2024"]
[Site "Sao Paulo"]
[Date "2024.01.29"]
[Round "1.21"]
[White "Batista, Renato Luiz"]
[Black "Da Cunha, Gabriela Goes"]
[Result "1-0"]
[WhiteElo "2174"]
[BlackElo "1837"]
[PlyCount "78"]
[EventDate "2024.01.29"]
[EventRounds "9"]
[EventCountry "BRA"]

1. e4 c6 2. Nf3 d5 3. Nc3 dxe4 4. Nxe4 Nf6 5. Qe2 Bf5 6. d3 e6 7. g3 Be7 8. Bg2
O-O 9. O-O Nbd7 10. h3 h6 $146 ({RR} 10... Nb6 11. b3 a5 12. a3 Bg6 13. Bb2 a4
14. b4 Nfd7 15. d4 Bxe4 16. Qxe4 Nc4 17. Bc1 Nd6 18. Qd3 Bf6 19. Bf4 Nf5 20.
Rad1 g6 21. g4 Nh4 22. Nxh4 Bxh4 23. b5 Rc8 24. bxc6 bxc6 25. Qa6 {Koehn,L 
(1989)-Doyle,J (1850) Dundee 2017 1-0 (45)}) 11. Bf4 Nd5 12. Bd2 Rc8 13. c4
N5f6 14. Bc3 Nc5 15. Nxc5 Bxc5 16. Rfd1 Be7 17. Ne5 Nd7 18. d4 Nxe5 19. Qxe5
Bf6 20. Qe3 Qb6 21. b4 Qa6 22. Bf1 b5 23. c5 Qb7 24. a4 a6 25. axb5 axb5 26. d5
Bxc3 27. dxc6 Qxc6 28. Qxc3 Rfd8 29. Qe5 Qf3 30. Rxd8+ Rxd8 31. Bg2 Rd1+ 32.
Rxd1 Qxd1+ 33. Kh2 Qd2 34. Qf4 Qxf4 35. gxf4 Kf8 36. Bf1 e5 37. Bxb5 exf4 38.
Ba6 Ke7 39. Bb7 Kd8 1-0

[Event "Sampa Chess Open 2024"]
[Site "Sao Paulo"]
[Date "2024.01.29"]
[Round "1.22"]
[White "Hirota Da Silva, Nilton"]
[Black "Fernandes De Sousa, Julio Cesar"]
[Result "0-1"]
[WhiteElo "1827"]
[BlackElo "2162"]
[PlyCount "100"]
[EventDate "2024.01.29"]
[EventRounds "9"]
[EventCountry "BRA"]

1. d4 Nf6 2. Bg5 d5 3. e3 Nbd7 4. Nf3 e6 5. Nbd2 Be7 6. Bd3 O-O 7. O-O b6 8.
Re1 ({RR} 8. e4 dxe4 9. Nxe4 Bb7 10. Qe2 c5 11. dxc5 Nxc5 12. Nxc5 bxc5 13.
Rad1 Qa5 14. Bc4 Qc7 15. Ne5 Nd5 16. Bxe7 Qxe7 17. Bxd5 exd5 18. Rfe1 Qc7 19.
Qg4 Rad8 20. Nd3 Rd6 21. Nf4 d4 22. Re5 Rf6 {Cristobal,M (2208)-Cubas,J (2536)
Montevideo 2011 1-0 (107)}) 8... Bb7 9. Rc1 ({RR} 9. c3 h6 10. Bh4 c5 11. Qb1
Rc8 12. h3 Re8 13. a4 a5 14. g4 Qc7 15. Kg2 Bd6 16. Nf1 g5 17. Bg3 Kg7 18. Bxd6
Qxd6 19. Ng3 Rh8 20. Rg1 Rcg8 21. Bb5 Kf8 22. b4 cxb4 23. cxb4 axb4 {Trojan,L 
(1995)-Burda,J (1812) Stare Mesto CZE 2018 1/2-1/2 (41)}) 9... Ne4 $146 ({RR} 
9... c5 10. c3 h6 11. Bf4 Nh5 12. Be5 f6 13. Bf4 f5 14. Be5 g5 15. Nxg5 Bxg5
16. Qxh5 Nxe5 17. dxe5 Qe8 18. Qh3 Qg6 19. f4 Bd8 20. Rf1 Qg4 21. Rf3 Bh4 22.
Qxg4+ fxg4 23. Rff1 Kg7 24. g3 {Villa,M-Rossini,W Bratto 2006 1-0 (31)}) 10.
Bf4 f5 11. Bxe4 dxe4 12. Ne5 Nxe5 13. Bxe5 Bd6 14. Bxd6 cxd6 15. f4 exf3 16.
Nxf3 b5 17. Rf1 Rc8 18. Qd2 a5 19. c3 Bd5 20. a3 Rf6 21. Rf2 Qc7 22. Re1 h6 23.
Qd1 b4 24. axb4 axb4 25. cxb4 Qb7 26. Nd2 Rff8 27. g4 Qxb4 28. gxf5 Rxf5 29.
Rxf5 exf5 30. Nf1 Qxb2 31. Re2 Qc3 32. Qe1 Qa3 33. Qg3 Rc1 34. Rf2 Be4 35. h4
Qb3 36. h5 Qf7 37. Qh4 Qc7 38. Qf4 Rc2 39. Rxc2 Qxc2 40. Qf2 Qd1 41. Qh2 Bd3
42. Qf2 Qxh5 43. Ng3 Qg4 44. Kh2 Qh4+ 45. Kg2 Kh7 46. Qf4 Qxf4 47. exf4 g5 48.
fxg5 hxg5 49. Nh5 Kg6 50. Ng3 f4 0-1

[Event "Sampa Chess Open 2024"]
[Site "Sao Paulo"]
[Date "2024.01.29"]
[Round "1.23"]
[White "Awoki, Daniel Teidi"]
[Black "Rigonati, Eduardo Enrico Sant"]
[Result "1-0"]
[WhiteElo "2152"]
[BlackElo "1827"]
[PlyCount "99"]
[EventDate "2024.01.29"]
[EventRounds "9"]
[EventCountry "BRA"]

1. c4 Nf6 2. g3 e6 3. Bg2 d5 4. Nf3 Be7 5. O-O O-O 6. b3 a5 7. Bb2 c6 8. Qc2
Nbd7 9. d3 ({RR} 9. a3 Qb6 10. d3 Re8 11. Nbd2 Bf8 12. d4 g6 13. Rfe1 Bg7 14.
e4 Nxe4 15. Nxe4 dxe4 16. Rxe4 c5 17. Rd1 a4 18. Re3 Qc7 19. d5 axb3 20. Qxb3
Ra6 21. Bxg7 Kxg7 22. Qc3+ Kg8 23. Rde1 Nf8 {Timman,J (2620)-Bellon Lopez,J 
(2415) Las Palmas 1981 1-0 (38)}) ({RR} 9. Nc3 b6 10. d3 Bb7 11. e4 Rc8 12.
Rfe1 Bb4 13. a3 Bxc3 14. Bxc3 dxe4 15. dxe4 c5 16. Rad1 Qc7 17. e5 Bxf3 18.
Bxf3 Ne8 19. Re4 Nb8 20. Rh4 g6 21. Qd2 f5 22. exf6 Nxf6 23. Qg5 Nbd7 {Bosboom,
M (2405)-Markus,J (2090) Amsterdam 2017 1-0}) 9... a4 10. e4 dxe4 $146 ({RR} 
10... Qa5 11. Nbd2 b5 12. exd5 cxd5 13. Nd4 Bb7 14. Nxb5 Rfc8 15. Bc3 Qa6 16.
Nd4 e5 17. Nf5 Bf8 18. Rab1 d4 19. Bxb7 Qxb7 20. bxa4 Qc6 21. Bb4 Rxa4 22. a3
Nd5 23. Bxf8 Kxf8 24. Ne4 N5f6 25. Ned6 {Abolianin,A (2349)-Van der Stricht,G 
(2383) Gent 2000 0-1 (33)}) 11. dxe4 axb3 12. axb3 Rxa1 13. Bxa1 Qa5 14. Bc3
Qh5 15. e5 Ng4 16. Re1 Bc5 17. Re2 f6 18. exf6 Ndxf6 19. h3 Nxf2 20. Rxf2 Bxf2+
21. Kxf2 Qf5 22. Qxf5 exf5 23. Nfd2 f4 24. g4 Bxg4 25. hxg4 Nxg4+ 26. Kf3 Nh2+
27. Ke4 g5 28. Nf3 Nxf3 29. Bxf3 Re8+ 30. Be5 Ra8 31. Kf5 h6 32. Nd2 Rf8+ 33.
Kg6 Re8 34. Bf6 Re3 35. Bg4 h5 36. Bf5 g4 37. Ne4 Kf8 38. Nc5 g3 39. Ne6+ Ke8
40. Ng7+ Kf8 41. Ne6+ Ke8 42. Kg7 Kd7 43. Nxf4+ Kd6 44. Bd4 Rxb3 45. c5+ Kc7
46. Be5+ Kd8 47. Ne6+ Ke8 48. Bf6 Kd7 49. Nd4+ Kc7 50. Be5+ 1-0

[Event "Sampa Chess Open 2024"]
[Site "Sao Paulo"]
[Date "2024.01.29"]
[Round "1.24"]
[White "Branquinho, Eduardo De Medeiros"]
[Black "Saito, Vinicius"]
[Result "1-0"]
[WhiteElo "1815"]
[BlackElo "2147"]
[PlyCount "103"]
[EventDate "2024.01.29"]
[EventRounds "9"]
[EventCountry "BRA"]

1. e4 c5 2. Nf3 Nc6 3. d4 cxd4 4. Nxd4 Nf6 5. Nc3 e5 6. Ndb5 d6 7. Bg5 a6 8.
Na3 b5 9. Nd5 Be7 10. Bxf6 Bxf6 11. c3 O-O 12. Nc2 Bg5 13. Be2 Rb8 14. O-O g6
15. Qd3 ({RR} 15. a4 bxa4 16. Ncb4 Nxb4 17. cxb4 f5 18. exf5 gxf5 19. Rxa4 Kh8
20. Bxa6 Be6 21. Be2 Rg8 22. b5 Rg7 23. Ra6 Bc8 24. Rc6 Bb7 25. Qc2 e4 26. Qc3
f4 27. Bc4 f3 28. g3 Bxc6 29. bxc6 Qc8 {Gabrielian,A (2459)-Vidit,S (2727)
chess.com INT 2021 1-0 (52)}) 15... Bb7 $146 ({RR} 15... Kh8 16. Rad1 f5 17.
Bf3 Be6 18. g3 Rf7 19. Qe2 Qc8 20. exf5 gxf5 21. Bg2 Rg7 22. f4 Bd8 23. Kh1 e4
24. Nce3 Na5 25. g4 fxg4 26. f5 Bf7 27. Bxe4 h5 28. f6 Rg5 29. Nf5 Qd7 30. Qe3
{De Souza,M (2355)-Toloza Soto,P (2230) Buenos Aires 1995 1-0 (34)}) ({RR} 
15... Kh8 16. Rfd1 f5 17. Bf3 a5 18. Nde3 f4 19. Qxd6 Qxd6 20. Rxd6 fxe3 21.
Rxc6 exf2+ 22. Kxf2 Rd8 23. Re1 Bb7 24. Rc5 Rd2+ 25. Re2 Rxe2+ 26. Kxe2 Bc1 27.
Ne1 Bxb2 28. Nd3 Ba1 29. Rxe5 Rd8 30. Rc5 {Martinovic,S (2415)-Barle,J (2450)
Zagreb 1977 1-0 (55)}) ({RR} 15... Be6 16. Rfd1 f5 17. f3 Rb7 18. Nce3 Bh6 19.
a4 f4 20. Nf1 Na5 21. axb5 axb5 22. Nd2 Nc4 23. Ra6 Nxb2 24. Qb1 Nxd1 25. Bxd1
Bxd5 26. exd5 Rb6 27. Ra5 Qb8 28. Qb4 Bg5 29. Ne4 Be7 30. Be2 {Wolf,D-Maugg,L
Pang 1977 1-0 (39)}) 16. Rad1 Re8 17. Nce3 Kg7 18. g3 Ne7 19. f4 exf4 20. gxf4
Nxd5 21. Nxd5 Bf6 22. Bf3 a5 23. Rfe1 Bxd5 24. Qxd5 Qb6+ 25. Kg2 Rbd8 26. Be2
b4 27. Bc4 Qa7 28. cxb4 axb4 29. Re2 Rc8 30. b3 Red8 31. Qd3 Rc5 32. Qe3 Qe7
33. Rd3 Ra5 34. Qb6 Rda8 35. Qxb4 Rxa2 36. Rdd2 Rxd2 37. Qxd2 g5 38. Qd5 Rd8
39. fxg5 Bxg5 40. Rf2 f6 41. Ra2 Rd7 42. Ra8 Rd8 43. Rxd8 Qxd8 44. Qf7+ Kh8 45.
Kg3 d5 46. Qxd5 Qc7+ 47. Kg2 Kg7 48. Qe6 Qf4 49. Qf7+ Kh6 50. Qf8+ Kh5 51. Be2+
Kh4 52. Qe8 1-0

[Event "Sampa Chess Open 2024"]
[Site "Sao Paulo"]
[Date "2024.01.29"]
[Round "1.25"]
[White "Silva, Kaua Marques"]
[Black "Van Riemsdijk, Dirk D."]
[Result "1-0"]
[WhiteElo "2142"]
[BlackElo "1789"]
[PlyCount "59"]
[EventDate "2024.01.29"]
[EventRounds "9"]
[EventCountry "BRA"]

1. e4 c6 2. d4 d5 3. e5 Bf5 4. Nf3 e6 5. Be2 c5 6. Be3 Qb6 7. Nc3 a6 8. Na4
Qa5+ 9. c3 c4 10. b4 Qc7 11. O-O Nd7 12. Nh4 Ne7 13. Qd2 $146 ({RR} 13. Nc5
Nxc5 14. bxc5 Qa5 15. Qd2 b6 16. cxb6 Qxb6 17. g4 Be4 18. f3 Bg6 19. Nxg6 hxg6
20. Rab1 Qc7 21. f4 f6 22. Rb2 Nc6 23. Rfb1 Na5 24. Qc2 Kf7 25. Qa4 Be7 26. Rb6
Rh3 27. Bf2 Bd8 {Keskisarja,T (2315)-Vesalainen,P Kankaanpaa 1997 1-0 (36)})
13... h6 14. Nxf5 Nxf5 15. g4 Nh4 16. f4 f5 17. Bf2 Be7 18. Bxh4 Bxh4 19. gxf5
exf5 20. Bh5+ Ke7 21. Qg2 g6 22. Qh3 g5 23. Qxf5 Raf8 24. Qg4 Qc6 25. Nb2 a5
26. a3 Rhg8 27. f5 Nb6 28. bxa5 Na4 29. Nxa4 Qxa4 30. Rab1 1-0

[Event "Sampa Chess Open 2024"]
[Site "Sao Paulo"]
[Date "2024.01.29"]
[Round "1.26"]
[White "Lima, Hamilton Da Silva"]
[Black "Ribeiro, Matheus Mendes Domi"]
[Result "0-1"]
[WhiteElo "1778"]
[BlackElo "2130"]
[PlyCount "65"]
[EventDate "2024.01.29"]
[EventRounds "9"]
[EventCountry "BRA"]

1. e4 {Ftacnik,L} e6 2. Nf3 c5 3. c3 Nc6 4. d4 d5 5. Bd3 cxd4 6. cxd4 Bb4+ 7.
Nc3 dxe4 8. Bxe4 Nf6 9. Bc2 O-O 10. O-O b6 11. Bg5 Be7 12. a3 Ba6 13. Re1 Rc8
14. Rc1 h6 ({RR} 14... Nd5 15. Ne4 ({RR} 15. Nxd5 Bxg5 16. Nxg5 Qxg5) 15...
Bxg5 16. Nfxg5 h6 17. Nf3 ({RR} 17. Qh5 Nxd4) 17... Qe7 18. Nc3 ({RR} 18. Ba4
Bb7 19. b4 Rfd8) 18... Nxc3 ({RR} 18... Rfd8 19. Nxd5 Rxd5 20. Be4 Rd6 21. Qa4
Bb7 22. d5) 19. bxc3 Rfd8 20. a4 Bc4 21. Re3 Bd5 22. Qd3 g6 23. Rce1 Qf6 24.
Qd2 {1/2-1/2 (24) Balashov,Y (2565)-Huebner,R (2600) Tilburg 1977 MCL [Ftacnik,
L]}) 15. Bh4 Nd5 16. Bg3 $146 ({RR} 16. Bxe7 Ncxe7 17. Bb1 Nf6 18. Ne5 Qd6 19.
Qa4 b5 20. Qa5 Rb8 21. Ba2 b4 22. axb4 Rxb4 23. Nxf7 Rxf7 24. Bxe6 Bc4 25.
Bxf7+ Kxf7 26. Qxa7 Rxb2 27. Na4 Re2 28. Rxe2 Bxe2 29. Nc5 Ng4 30. Qa2+ Ke8 {
Sjugirov,S (2650)-Sorokin,A (2486) Sochi 2017 1-0 (63)}) 16... Na5 17. Nxd5
Qxd5 18. Re5 Qd7 19. Rb1 Qc6 20. Rc1 Kh8 21. b4 Nb3 22. Nd2 Nxd2 23. Qxd2 Qc3
24. Qd1 Rfd8 25. Re4 Qb2 26. Bf4 Bf6 27. Be3 Rc3 28. Bb1 Qxa3 29. Rxc3 Qxc3 30.
Rg4 e5 31. d5 Rxd5 32. Bd4 Rxd4 33. Rxd4 0-1

[Event "Sampa Chess Open 2024"]
[Site "Sao Paulo"]
[Date "2024.01.29"]
[Round "1.27"]
[White "Do Nascimento, Christian Almeida"]
[Black "Miragaia, Pedro Maddi Damian"]
[Result "1-0"]
[WhiteElo "2123"]
[BlackElo "1769"]
[PlyCount "105"]
[EventDate "2024.01.29"]
[EventRounds "9"]
[EventCountry "BRA"]

1. e4 c5 2. Nf3 d6 3. d4 cxd4 4. Nxd4 Nf6 5. Nc3 g6 6. Be3 Bg7 7. f3 O-O 8. Bc4
Nc6 9. Bb3 Bd7 10. Qd2 Rc8 11. h4 h5 12. O-O-O Ne5 13. g4 Nc4 14. Bxc4 Rxc4 15.
Nb3 ({RR} 15. Rdg1 e6 16. gxh5 Nxh5 17. Nde2 Qf6 18. Qxd6 Qxf3 19. Qd3 Bb5 20.
Nxb5 Rxe4 21. Rh3 Qxh3 22. Qxe4 Nf6 23. Rh1 Nxe4 24. Rxh3 a6 25. Nbc3 Nxc3 26.
Nxc3 f5 27. Bg5 e5 28. Kd2 e4 29. Ke3 Rc8 {Erneste,I (2365)-Bakalarz,L (2295)
Katowice 1993 1-0 (45)}) ({RR} 15. g5 Ne8 16. Qd3 Rc8 17. Rhg1 a6 18. Nb3 b5
19. Nd5 Rb8 20. Bd4 Bxd4 21. Qxd4 Nc7 22. Qa7 Nxd5 23. Rxd5 Be6 24. Rd3 Qb6 25.
Qxb6 Rxb6 26. f4 Rc8 27. Nd4 Bg4 28. Kd2 e5 29. fxe5 dxe5 {Van Riemsdijk,M 
(1767)-Ferreira,C (1466) Sao Paulo 2017 0-1 (52)}) 15... Kh7 16. e5 Nxg4 $146 (
{RR} 16... Ne8 17. gxh5 Bxe5 18. hxg6+ fxg6 19. h5 Qc8 20. hxg6+ Kxg6 21. Bd4
Bf4 22. Rdg1+ Kf5 23. Rh5+ Ke6 24. Re1+ Kf7 25. Qxf4+ Nf6 26. Rh7+ Ke8 27.
Rhxe7+ Kd8 28. Bxf6 Rxf6 29. Qxf6 {1-0 (29) Naxakis,T (1755)-Iosifidis,G (1545)
Chania 2003}) 17. fxg4 Bxg4 18. Rdf1 Bf5 19. Nd4 Bg4 20. exd6 Qxd6 21. Nb3 Qc7
22. Nd5 Qe5 23. Nc3 Bf5 24. Kb1 Rfc8 25. Bf4 Qf6 26. Bg5 Qc6 27. Rh2 b5 28. Rc1
b4 29. Nd1 f6 30. Be3 Qe4 31. Re2 Rxc2 32. Rxc2 Rxc2 33. Qxc2 Qxh4 34. Bc1
Bxc2+ 35. Rxc2 g5 36. Ne3 g4 37. Rc7 Qf2 38. Rxe7 g3 39. Nd4 g2 40. Nxg2 Qxg2
41. Nf5 h4 42. Rxg7+ Qxg7 43. Nxg7 Kxg7 44. Kc2 Kg6 45. Kd3 Kf5 46. Ke3 Kg4 47.
Kf2 h3 48. Bd2 a5 49. Be3 a4 50. b3 axb3 51. axb3 Kf5 52. Bc5 Ke4 53. Bxb4 1-0

[Event "Sampa Chess Open 2024"]
[Site "Sao Paulo"]
[Date "2024.01.29"]
[Round "1.28"]
[White "Silva, Juliana Figueira Th"]
[Black "Cueto, Jonny"]
[Result "0-1"]
[WhiteElo "1747"]
[BlackElo "2108"]
[PlyCount "98"]
[EventDate "2024.01.29"]
[EventRounds "9"]
[EventCountry "BRA"]

1. d4 g6 2. c4 Bg7 3. Nf3 d6 4. e4 Bg4 5. Be3 ({RR} 5. d5 Nf6 6. Nc3 Na6 7. Be2
Nc5 8. Qc2 c6 9. O-O cxd5 10. exd5 Bf5 11. Qd1 Nfe4 12. Nxe4 Bxe4 13. Nd2 Bf5
14. Nb3 O-O 15. Nd4 Bd7 16. b3 Qb6 17. Be3 f5 18. f3 f4 19. Bf2 a5 {Socko,M 
(2479)-Bologan,V (2663) Gibraltar 2008 0-1}) 5... c5 ({RR} 5... Bxf3 6. gxf3 c5
7. Nc3 Qa5 8. Be2 Nc6 9. d5 Nd4 10. Bd2 Qc7 11. O-O Nf6 12. f4 O-O 13. Kh1 a6
14. a4 e6 15. Bd3 exd5 16. exd5 Qd7 17. Rg1 Qh3 18. Rg3 Qh4 19. Qf1 Nb3 20. Be3
{Armstrong,W (1868)-Kolodkin,D (2104) London 2016 0-1}) 6. Qa4+ Nd7 $146 ({RR} 
6... Qd7 7. Qxd7+ Nxd7 8. Nbd2 Bxf3 9. Nxf3 Ngf6 10. Bd3 Ng4 11. Bc2 Nxe3 12.
fxe3 Rc8 13. Ke2 Nb6 14. b3 Nd7 15. h4 h5 16. Rad1 b6 17. Rhg1 Bf6 18. Rdf1 b5
19. Bd3 b4 20. a3 Rb8 21. Ra1 {Lanchava,T (2389)-Wustefeld,C (2248)
Netherlands 2007 0-1 (41)}) 7. Nbd2 Bxf3 8. Nxf3 cxd4 9. Bxd4 Bxd4 10. Nxd4
Ngf6 11. Bd3 Qb6 12. Ne2 O-O 13. O-O Qxb2 14. Rab1 Qd2 15. Rfd1 Qh6 16. Bc2 Nc5
17. Qb5 b6 18. Nc3 Rfc8 19. Nd5 Nxd5 20. exd5 Rc7 21. Qb2 Nd7 22. Qd4 Rac8 23.
Bb3 Ne5 24. Qe4 f5 25. Qe2 Qf8 26. Rd4 Qf6 27. Rbd1 Ng4 28. f4 Qg7 29. h3 Nf6
30. Qe3 h5 31. g3 Kf8 32. Kh2 a6 33. Qe2 b5 34. cxb5 axb5 35. Qxb5 Ne4 36. Qf1
Rc2+ 37. Bxc2 Rxc2+ 38. Kg1 Nxg3 39. Qd3 Qxd4+ 40. Qxd4 Ne2+ 41. Kf1 Nxd4 42.
Rxd4 Rxa2 43. Kg1 Kf7 44. Kh1 Re2 45. Kg1 Re4 46. Rxe4 fxe4 47. Kf2 e6 48.
dxe6+ Kxe6 49. Ke3 Kf5 0-1

[Event "Sampa Chess Open 2024"]
[Site "Sao Paulo"]
[Date "2024.01.29"]
[Round "1.29"]
[White "De Albuquerque, Ian Telek C."]
[Black "Fernandez Barrero, Javier"]
[Result "1-0"]
[WhiteElo "2089"]
[BlackElo "1743"]
[PlyCount "71"]
[EventDate "2024.01.29"]
[EventRounds "9"]
[EventCountry "BRA"]

1. e4 e5 2. f4 d5 3. exd5 Qxd5 4. Nc3 Qe6 5. fxe5 Qxe5+ 6. Be2 Bg4 7. d4 Qe6 8.
Bf4 Bb4 ({RR} 8... c6 9. d5 Bxe2 10. Ngxe2 cxd5 11. Nxd5 Na6 12. Qd4 f6 13.
O-O-O Ne7 14. Nec3 Kf7 15. Rhe1 Qc6 16. Nb4 Nxb4 17. Qxb4 g6 18. Qb3+ Kg7 19.
Rd6 Qc8 20. Rxf6 Kxf6 21. Ne4+ {1-0 (21) Westerinen,H (2425)-Hirvonen,K Imatra
1997}) 9. Qd3 Ne7 10. Nf3 $146 ({RR} 10. Bd2 c6 11. O-O-O Bxc3 12. Bxc3 Bf5 13.
Qg3 Nd7 14. Re1 Qxa2 15. Bg4 Be6 16. Bxe6 fxe6 17. Bb4 Qa1+ 18. Kd2 Qxb2 19.
Qd6 Nd5 20. Rxe6+ Kd8 21. Bc5 Qc3+ 22. Kd1 Qa1+ 23. Kd2 Qc3+ 24. Kc1 {1/2-1/2 
(24) Mataga,P-Gloistein,B New Zeeland 1980}) 10... Nd5 11. Bd2 Nxc3 12. bxc3
Be7 13. O-O Nd7 14. Rae1 O-O-O 15. Ng5 Bxg5 16. Bxg5 f6 17. Bf3 Ne5 18. Rxe5
fxe5 19. d5 Qf5 20. Bxd8 Rxd8 21. Be4 Qh5 22. Rb1 Rd6 23. c4 Be2 24. Qe3 Rb6
25. Rxb6 axb6 26. c5 b5 27. c6 b6 28. Qa3 Kd8 29. Qa8+ Ke7 30. Qc8 Qh6 31.
Qxc7+ Kf8 32. Qd8+ Kf7 33. Qd7+ Kf6 34. Qf5+ Ke7 35. Qxe5+ Kf8 36. h3 1-0

[Event "Sampa Chess Open 2024"]
[Site "Sao Paulo"]
[Date "2024.01.29"]
[Round "1.30"]
[White "Parijos De Melo, Luiz Claudio"]
[Black "Vargas, Gabriela"]
[Result "0-1"]
[WhiteElo "1720"]
[BlackElo "2084"]
[PlyCount "100"]
[EventDate "2024.01.29"]
[EventRounds "9"]
[EventCountry "BRA"]

1. e4 e6 2. d4 d5 3. e5 c5 4. c3 Nc6 5. Nf3 Qb6 6. Bd3 cxd4 7. O-O Bd7 8. Re1
h6 ({RR} 8... Nge7 9. h4 h6 10. a3 Rc8 11. b4 a6 12. Bb2 g5 13. Nh2 Bg7 14. Ng4
gxh4 15. cxd4 h5 16. Nf6+ Bxf6 17. exf6 Ng8 18. Qf3 Rh6 19. Qxd5 Nxf6 20. Qg5
Ng4 21. Nc3 Qd8 22. Qxd8+ Kxd8 23. Ne4 {Vachier Lagrave,M (2763)-Ponkratov,P 
(2659) Riga LAT 2021 1-0}) ({RR} 8... Rc8 9. Nbd2 Nge7 10. Nb3 dxc3 11. bxc3
Ng6 12. h4 Qc7 13. Qe2 Be7 14. h5 Nf8 ({RR} 14... Ngxe5 15. Nxe5 Qxe5 16. Qxe5
Nxe5 17. Rxe5 Bf6 18. Re3 Rxc3 19. Rb1 d4 20. Rg3 O-O 21. Bb2 Rfc8 22. Bxc3
dxc3 23. Rd1 Bc6 24. Bc2 Kf8 25. Re3 b6 26. Nd4 Bd5 27. a4 g6 28. hxg6 hxg6 29.
Nb5) 15. Bd2 a6 16. a4 h6 17. Nfd4 Nh7 18. Nxc6 Bxc6 19. Qg4 Ng5 20. f4 Ne4 21.
Bxe4 dxe4 22. Qxg7 Kd7 23. Be3 {Diaz Villagran,R (2268)-Madeira,W (2122)
Florianopolis 2024 1-0}) 9. Nbd2 dxc3 10. bxc3 Rc8 $146 ({RR} 10... Nge7 11.
Rb1 Qc7 12. c4 dxc4 13. Nxc4 Nd5 14. Qb3 Bb4 15. Nd6+ Kf8 16. Ba3 a5 17. Rec1
Kg8 18. Be4 Qb8 19. Nc4 b5 20. Ne3 Bxa3 21. Qxa3 b4 22. Qb3 Nce7 23. Rc5 Qb6
24. Rbc1 Rd8 25. Nd4 {Lyell,M (2108)-Borsuk,K (2432) Budapest HUN 2021 0-1 (46)
}) 11. c4 Nb4 12. Bf1 Bc5 13. Qe2 Ne7 14. Rb1 Qc7 15. Nb3 dxc4 16. Nxc5 Qxc5
17. Be3 Qa5 18. Qd2 Ned5 19. a3 c3 20. Qc1 Na2 21. Qc2 Qxa3 22. Rxb7 Bc6 23.
Rxa7 Nxe3 24. Qxa2 Qxa2 25. Rxa2 Bxf3 26. Bb5+ Kf8 27. fxe3 Bd5 28. Ra7 g6 29.
Rf1 Rh7 30. Bd3 Bc4 31. Bxc4 Rxc4 32. Rc1 Rh8 33. Ra3 c2 34. Ra2 Re4 35. Kf2
Kg7 36. Rcxc2 Rxe5 37. Ra7 Rd8 38. Rcc7 Rf5+ 39. Ke2 Rb8 40. e4 Rf4 41. Kd3
Rb3+ 42. Kc4 Re3 43. Kc5 Rexe4 44. Kd6 Rc4 45. Rcb7 Rfd4+ 46. Ke7 Ra4 47. g3
Rxa7 48. Rxa7 Rb4 49. Ke8 Rb8+ 50. Ke7 e5 0-1